| 000 | 00657nam a2200217 a 4500 | ||
|---|---|---|---|
| 999 |
_c2656 _d2656 |
||
| 001 | 2656 | ||
| 003 | BD-JhCC | ||
| 005 | 20171105191812.0 | ||
| 008 | 171105s1985 bg |||| |a|| 00| 0 ben d | ||
| 035 | _a(BD-JhCC)2656 | ||
| 040 |
_aBD-JhCC _dBD-JhCC |
||
| 041 | _aben | ||
| 082 |
_a938 _bISL 1985 |
||
| 100 | _aইসলাম, সৈয়দ আমীরুল | ||
| 245 |
_aগ্রীক সভ্যতা / _cসৈয়দ আমীরুল ইসলাম |
||
| 260 |
_aঢাকা : _bবাংলা একাডেমী, _c১৯৮৫. |
||
| 300 |
_a95 p. : _c14 cm. |
||
| 650 | _aGreek Civilization | ||
| 942 |
_2ddc _cBK |
||